Variables cognitivo-motivacionales y afectivas en intervención (Record no. 112807)

MARC details
000 -CABECERA
campo de control de longitud fija 00738nab a2200229 a 4500
005 - FECHA Y HORA DE LA ÚLTIMA TRANSACCIÓN
campo de control 20210219155215.0
008 - ELEMENTOS DE LONGITUD FIJA--INFORMACIÓN GENERAL
campo de control de longitud fija 991125s1985 mx 000 0 spa u
035 ## - NÚMERO DE CONTROL DEL SISTEMA
Número de control de sistema UPN01000140659
100 1# - ASIENTO PRINCIPAL--NOMBRE PERSONAL
Nombre de persona Castejón Fernández, Luis
222 #0 - TÍTULO CLAVE
Título clave REVISTA DE PSICOLOGIA GENERAL Y APLICADA
245 00 - MENCIÓN DE TÍTULO
Título Variables cognitivo-motivacionales y afectivas en intervención
260 ## - PUBLICACIÓN, DISTRIBUCIÓN, ETC.
Lugar de publicación, distribución, etc. Valencia, España
300 ## - DESCRIPCIÓN FÍSICA
Extensión 299-314
362 0# - FECHAS DE PUBLICACIÓN Y/O DESIGNACIÓN SECUENCIAL
Fecha de publicación y/o designación secuencial 2004 Vol. 57, no. 3, oct.
653 0# - TERMINO DE INDIZACION - NO CONTROLADO
Término no controlado INTERVENCION LOGOPEDICA
653 0# - TERMINO DE INDIZACION - NO CONTROLADO
Término no controlado AUTOESTIMA
653 0# - TERMINO DE INDIZACION - NO CONTROLADO
Término no controlado PROBLEMAS DE LENGUAJE
653 0# - TERMINO DE INDIZACION - NO CONTROLADO
Término no controlado PROCESO ENSEÑANZA-APRENDIZAJE
700 1# - ASIENTO SECUNDARIO--NOMBRE DE PERSONAL
Nombre de persona González Pineda, Julio Antonio,
Término indicativo de función/relación coaut.
700 1# - ASIENTO SECUNDARIO--NOMBRE DE PERSONAL
Nombre de persona Núñez Pérez, José Carlos,
Término indicativo de función/relación coaut.
905 ## - TIPO DE MATERIAL
Tipo de material Articulo

No items available.